[Event "Oberliga Wuerttemberg 0910"]
[Site "Wuerttemberg"]
[Date "2010.01.31"]
[Round "6.8"]
[White "Bucher, Uwe"]
[Black "Bauer, Manfred"]
[Result "1/2-1/2"]
[WhiteElo "1709"]
[BlackElo "1978"]
[PlyCount "27"]
[EventDate "2009.10.11"]
[EventType "team-tourn"]
[EventRounds "9"]
[EventCountry "GER"]
[SourceTitle "EXT 2019"]
[Source "ChessBase"]
[SourceDate "2018.10.10"]
[SourceVersion "1"]
[SourceVersionDate "2018.10.10"]
[SourceQuality "1"]
[WhiteTeam "Ebersbach"]
[BlackTeam "Schmiden/Cannstatt"]
[WhiteTeamCountry "GER"]
[BlackTeamCountry "GER"]

1. Nf3 Nf6 2. g3 g6 3. Bg2 Bg7 4. d3 0-0 5. 0-0 c5 6. c4 d5 7. Nbd2 Nc6 8. a3 h6 9. Rb1 Be6 10. b4 cxb4 11. axb4 dxc4 12. dxc4 Rc8 13. Ba3 b6 14. Qa4 1/2-1/2